000
00350 a2200169 4500
001
192127
020
_a
85-02-02359-4
040
_c
Magnum
100
_a
Vitoria, Jair
240
1
0
_a
Surpresas da vida
_l
por
245
1
0
_a
Surpresas da vida
300
_a
70
362
0
_a
1997
440
1
_a
Saraiva
697
_a
LITERATURA JUVENIL
942
_c
BK
999
_c
192127
_d
192127